Statistics for Religion by Letter - O

Click here to take the quiz!

General Stats

  • This quiz has been taken 34 times
  • The average score is 13 of 20

Answer Stats

HintAnswer% Correct
Church instrument with pipesOrgan
97%
Where Ibadi Islam is mostly practicedOman
94%
Mountain home of the Greek godsOlympus
94%
Father of ThorOdin
91%
The concept that God is in
all places at all times
{Omni}presence
91%
Karl Marx quote: "Religion is the
_____ of the masses"
Opium
88%
Egyptian God of the deadOsiris
85%
Jews who strictly keep to traditional
doctrine and ritual
Orthodox
85%
Last caliphate, dissolved after WWIOttoman Caliphate
82%
First half of the BibleOld Testament
79%
Catholic institution founded
by Josemaría Escrivá
{Opus} Dei
76%
Type of religious monuments
used in Ancient Egypt
Obelisk
67%
Man-eating giant in folkloreOgre
67%
Place from which Jesus
ascended to heaven
Mount of
{Olives}
64%
Region where people follow
the Ryukyuan religion
Okinawa
55%
He spilled his seed on the groundOnan
42%
The second caliph; was a senior
companion of Muhammad
Omar
30%
Group of Eastern Christian churches
adhering to Miaphysite Christology
{Oriental} Orthodox
Churches
27%
Supernatural or magical elementsOccult
21%
Japanese trollOni
15%

Score Distribution

Percentile by Number Answered

Percent of People with Each Score

Your Score History

You have not taken this quiz